Laboratory skills biology (Record no. 879)

MARC details
000 -LEADER
fixed length control field 00768 a2200217 4500
008 - FIXED-LENGTH DATA ELEMENTS--GENERAL INFORMATION
fixed length control field 080821t xxu||||| |||| 00| 0 eng d
010 ## - LIBRARY OF CONGRESS CONTROL NUMBER
LC control number ENG-85004
020 ## - INTERNATIONAL STANDARD BOOK NUMBER
International Standard Book Number 8170634563
Terms of availability 125.00
035 ## - SYSTEM CONTROL NUMBER
System control number EN-68537
037 ## - SOURCE OF ACQUISITION
Source of stock number/acquisition D. B. Act / Pub
082 ## - DEWEY DECIMAL CLASSIFICATION NUMBER
Classification number 574
100 ## - MAIN ENTRY--PERSONAL NAME
Personal name Gupta, Kalpana
245 ## - TITLE STATEMENT
Title Laboratory skills biology
Remainder of title class XI
Statement of responsibility, etc by Kalpana Gupta and A. Jacob
260 ## - PUBLICATION, DISTRIBUTION, ETC. (IMPRINT)
Place of publication, distribution, etc New Delhi
Name of publisher, distributor, etc Arya Book Depot
Date of publication, distribution, etc 2006
270 ## - ADDRESS
Address 30, Naiwala, Karol Bagh
City New Delhi
State or province Delhi
Postal code 110005
Telephone number 25746324
300 ## - PHYSICAL DESCRIPTION
Extent 206 p.
Other physical details ill
Dimensions 27.5 cm. (Pbk)
650 ## - SUBJECT ADDED ENTRY--TOPICAL TERM
Topical term or geographic name as entry element Biology
700 ## - ADDED ENTRY--PERSONAL NAME
Personal name Jacob, A.
942 ## - ADDED ENTRY ELEMENTS (KOHA)
Institution code [OBSOLETE] dpl
Koha item type English Books
Call number prefix 574 / LAB
Source of classification or shelving scheme Dewey Decimal Classification
Classification part 574
Call number suffix LAB
Holdings
Withdrawn status Lost status Damaged status Not for loan Home library Current library Date acquired Cost, normal purchase price Total Checkouts Full call number Barcode Date last seen Copy number Uniform Resource Identifier Cost, replacement price Price effective from Koha item type
        D.B.Act.Division D.B.Act.Division 21/08/2008 125.00   574 LAB EN-68537 15/09/2008 1 941 125.00 15/09/2008 English Books

© Delhi Public Library
Hit Counter
free hit counter